|
|
|
|
| LEADER |
01112nam a22002537a 4500 |
| 001 |
42670 |
| 003 |
BD-DhAAL |
| 005 |
20240701144311.0 |
| 008 |
240625b1998 |||a|||| |||| 00| 0 eng d |
| 020 |
|
|
|a 0890619018
|
| 020 |
|
|
|a 0890618844
|
| 040 |
|
|
|a BD-DhAAL
|d BD-DhAAL
|
| 082 |
|
|
|a 372.4
|
| 100 |
|
|
|a Orciuch, Christine Lund.
|9 56570
|
| 245 |
|
|
|a Best nonfiction :
|b 7 selections for young people with lessons for teaching the basic elements of nonfiction /
|c Christine Lund Orciuch and Theodore Knight.
|
| 264 |
|
|
|a Lincolnwood, Ill. :
|b Jamestown Publishers,
|c ©1998.
|
| 300 |
|
|
|a ix, 262 pages :
|b illustrations ;
|c 23 cm.
|
| 541 |
|
|
|a Donation from the Asia Foundation/ Savar Campus
|e 42670
|
| 650 |
|
|
|a Reading (Elementary).
|
| 650 |
|
|
|a Literature
|x Study and teaching (Elementary).
|
| 700 |
|
|
|a Knight, Theodore.
|9 56571
|
| 942 |
|
|
|2 ddc
|c BK
|
| 999 |
|
|
|c 46739
|d 46739
|
| 952 |
|
|
|0 0
|1 0
|2 ddc
|4 0
|6 372_400000000000000_ORC
|7 0
|9 75687
|a SCL
|b SCL
|c GEN
|d 2024-06-25
|e Donation from the Asia Foundation/ Savar Campus
|l 0
|o 372.4 ORC
|p 3020042670
|r 2024-06-25
|t 1
|w 2024-06-25
|y BK
|x Donation from the Asia Foundation/ Savar Campus
|